[Event "Let's Play Chess!"]
[Site "http://www.queenalice.com/game.php?id=702395"]
[Date "2009.12.23"]
[Round "-"]
[White "Matrim"]
[Black "Weasel"]
[Result "0-1"]
[WhiteElo "2113"]
[BlackElo "2171"]

1. e4 c6 2. d4 d5 3. e5 Bf5 4. Bd3 Bxd3 5. Qxd3 e6 6. f4 Qh4+ 7. g3 Qh5 8. Nc3
Nh6 9. a3 Be7 10. b4 a5 11. b5 Nf5 12. Nge2 O-O 13. h3 c5 14. dxc5 Bxc5 15. Bb2
Nd7 16. O-O-O Be3+ 17. Kb1 Nc5 18. g4 Qh6 19. gxf5 Nxd3 20. Rxd3 Bxf4 21. Nxf4
Qxf4 0-1

[Event "Let's Play Chess!"]
[Site "http://www.queenalice.com/game.php?id=702693"]
[Date "2009.12.24"]
[Round "-"]
[White "charles31"]
[Black "Weasel"]
[Result "0-1"]
[WhiteElo "1786"]
[BlackElo "1861"]

1. e4 c5 2. Nc3 d6 3. h3 Nf6 4. Nf3 Nc6 5. Bb5 e5 6. Nd5 Nxe4 7. d3 Nf6 8. Nxf6+
gxf6 9. Bxc6+ bxc6 10. Nh4 f5 11. Nf3 f4 12. Bd2 Rg8 13. Rg1 Qb6 14. b3 Be6 15.
Bc3 Be7 16. Qd2 Qa6 17. a3 Rg6 18. a4 O-O-O 19. b4 cxb4 20. Bxb4 c5 21. Ba5 Rdg8
22. Ke2 e4 23. Nh4 Bxh4 24. Bc3 e3 0-1

[Event "Let's Play Chess!"]
[Site "http://www.queenalice.com/game.php?id=702696"]
[Date "2009.12.24"]
[Round "-"]
[White "Weasel"]
[Black "charles31"]
[Result "1-0"]
[WhiteElo "1500"]
[BlackElo "1821"]

1. c4 e5 2. Nf3 d6 3. d4 e4 4. Ng5 Bf5 5. g4 Bxg4 6. Nxe4 d5 7. cxd5 Qxd5 8.
Nbc3 Bb4 9. Rg1 Bxc3+ 10. Nxc3 Qd6 11. Rxg4 Nf6 12. Rxg7 Nbd7 13. Qb3 O-O-O 14.
Nb5 Qxh2 15. Nxa7+ Kb8 16. Nc6+ Kc8 17. Nxd8 Kxd8 18. Qxb7 Qh5 19. Qa8+ Ke7 20.
Qxh8 Qh4 21. Bg5 Qxd4 22. Rd1 Qe5 23. Rxd7+ Kxd7 24. Rxf7+ 1-0

[Event "Let's Play Chess!"]
[Site "http://www.queenalice.com/game.php?id=703857"]
[Date "2009.12.26"]
[Round "-"]
[White "Weasel"]
[Black "ernesto_che"]
[Result "1-0"]
[WhiteElo "2331"]
[BlackElo "1943"]

1. d4 Nf6 2. c4 g6 3. Nf3 Bg7 4. g3 O-O 5. Nc3 d6 6. Bg2 Nc6 7. O-O Bf5 8. d5
Na5 9. Nd4 Bd7 10. b3 c6 11. Qd3 cxd5 12. cxd5 Rc8 13. h3 e6 14. dxe6 fxe6 15.
Ba3 Qb6 16. e3 e5 17. Nde2 Rfd8 18. g4 Bc6 19. g5 Ne8 20. Bd5+ Kh8 21. b4 Bxd5
22. bxa5 Qc6 23. Nxd5 Qd7 24. e4 Nc7 25. Nxc7 Rxc7 26. Rac1 Rxc1 27. Rxc1 h6 28.
Rd1 hxg5 29. Qxd6 1-0

[Event "Let's Play Chess!"]
[Site "http://www.queenalice.com/game.php?id=703858"]
[Date "2009.12.26"]
[Round "-"]
[White "ernesto_che"]
[Black "Weasel"]
[Result "0-1"]
[WhiteElo "1943"]
[BlackElo "2313"]

1. b4 e5 2. b5 d5 3. Bb2 e4 4. e3 a6 5. a4 Nf6 6. Ne2 Bd6 7. Nbc3 O-O 8. d3 Qe7
9. dxe4 dxe4 10. Qd4 c5 11. bxc6 Bb4 12. O-O-O Nxc6 13. Nd5 Nxd4 14. Nxf6+ Qxf6
0-1

[Event "Let's Play Chess!"]
[Site "http://www.queenalice.com/game.php?id=704245"]
[Date "2009.12.27"]
[Round "-"]
[White "Weasel"]
[Black "Lunog"]
[Result "1-0"]
[WhiteElo "1969"]
[BlackElo "2036"]

1. e4 d5 2. exd5 Qxd5 3. Nc3 Qd6 4. d4 Nf6 5. Bd3 g6 6. Nge2 Bg7 7. Bf4 Qd8 8.
O-O O-O 9. Ne4 Nbd7 10. Nxf6+ Nxf6 11. Be5 c6 12. c3 Be6 13. Nf4 Bd7 14. Re1 Qc8
15. h3 Bf5 16. Bc4 b5 17. Bb3 a5 18. a4 Nd7 19. Bxg7 Kxg7 20. Rxe7 Nb6 21. axb5
cxb5 22. Qe2 Nc4 23. Bxc4 Qxc4 24. Qe5+ Kg8 25. Nd5 1-0

[Event "Let's Play Chess!"]
[Site "http://www.queenalice.com/game.php?id=704246"]
[Date "2009.12.27"]
[Round "-"]
[White "jfk"]
[Black "Weasel"]
[Result "0-1"]
[WhiteElo "1916"]
[BlackElo "2314"]

1. e4 e5 2. f4 exf4 3. Nf3 g5 4. h4 g4 5. Ne5 Nf6 6. d4 d6 7. Nd3 Nxe4 8. Bxf4
Bg7 9. c3 O-O 10. Be2 Re8 11. Nd2 Qe7 12. Nxe4 Qxe4 13. Kf2 Bd7 14. g3 Na6 15.
Re1 Bc6 16. Rg1 h5 17. Qd2 Qf5 18. Rae1 Rab8 19. b3 Re4 20. a4 Re6 21. Bf1 Rbe8
22. Rxe6 Qxe6 23. b4 Nb8 24. b5 Be4 25. Ne1 Nd7 26. Ng2 Nb6 27. Ne3 Bh6 28. Bxh6
Qxh6 29. Bd3 Qf6+ 30. Ke1 Bxd3 31. Qxd3 Qf3 32. Kd2 Qf2+ 33. Qe2 Nc4+ 0-1

[Event "Let's Play Chess!"]
[Site "http://www.queenalice.com/game.php?id=704350"]
[Date "2009.12.27"]
[Round "-"]
[White "Weasel"]
[Black "dnptrs"]
[Result "1-0"]
[WhiteElo "2086"]
[BlackElo "2113"]

1. c4 e6 2. d4 Nf6 3. g3 Bb4+ 4. Bd2 a5 5. Nf3 O-O 6. Bg2 c5 7. O-O cxd4 8. Nxd4
Nc6 9. Nb5 d5 10. cxd5 Nxd5 11. e4 Nf6 12. N1c3 h6 13. a3 Be7 14. Qe2 Bd7 15.
Rad1 Qb8 16. Be3 Ne5 17. f4 Neg4 18. Rxd7 Nxd7 19. Qxg4 Rd8 20. e5 Ra6 21. Ne4
Nxe5 22. fxe5 Qxe5 23. Qe2 f5 24. Bf4 1-0

[Event "Let's Play Chess!"]
[Site "http://www.queenalice.com/game.php?id=704351"]
[Date "2009.12.27"]
[Round "-"]
[White "dnptrs"]
[Black "Weasel"]
[Result "0-1"]
[WhiteElo "2120"]
[BlackElo "2295"]

1. d4 Nf6 2. Nf3 d5 3. e3 c5 4. Be2 Nc6 5. O-O cxd4 6. exd4 g6 7. c3 Bg7 8. Bg5
O-O 9. Nbd2 Qd6 10. Qb3 h6 11. Bh4 Nh5 12. Bd3 Bd7 13. Rae1 Rae8 14. Rb1 Na5 15.
Qd1 a6 16. b4 Nc6 17. Nb3 e5 18. b5 axb5 19. Bxb5 e4 20. Ne1 b6 21. Nc2 Na7 22.
Be2 Nb5 23. Bxb5 Bxb5 24. Re1 Rc8 25. Nc1 Ba4 26. Ne2 f5 27. f3 f4 28. Rf1 Rfe8
29. Be1 Qe6 30. Nc1 Bxc2 31. Qxc2 Bxd4+ 32. Kh1 exf3 33. gxf3 Qxe1 34. Rxe1
Rxe1+ 35. Kg2 Rg1+ 36. Kh3 Rxc3 0-1

[Event "Let's Play Chess!"]
[Site "http://www.queenalice.com/game.php?id=704412"]
[Date "2009.12.28"]
[Round "-"]
[White "Weasel"]
[Black "leduar"]
[Result "1-0"]
[WhiteElo "2266"]
[BlackElo "1913"]

1. d4 Nf6 2. Nf3 g6 3. c4 Bg7 4. g3 O-O 5. Bg2 d6 6. O-O Bf5 7. Qb3 Be4 8. Nc3
d5 9. Qxb7 Nbd7 10. cxd5 Rb8 11. Qxa7 Bxd5 12. Nxd5 Nxd5 13. Qa6 Rb6 14. Qc4 Rd6
15. a4 N5b6 16. Qb3 Bxd4 17. a5 Nc5 18. Qc2 Nbd7 19. Nxd4 Rxd4 20. Be3 1-0

[Event "Let's Play Chess!"]
[Site "http://www.queenalice.com/game.php?id=704413"]
[Date "2009.12.28"]
[Round "-"]
[White "dnptrs"]
[Black "Weasel"]
[Result "0-1"]
[WhiteElo "2119"]
[BlackElo "2277"]

1. d4 c6 2. Nf3 Nf6 3. e3 d6 4. c4 Na6 5. Nc3 Bf5 6. Bd3 Bxd3 7. Qxd3 g6 8. O-O
Bg7 9. e4 O-O 10. Bf4 Nd7 11. Bg5 Re8 12. Rad1 Qb6 13. Qb1 Nc7 14. Be3 Ne6 15.
Rd3 Qa6 16. b3 Rac8 17. a4 Qa5 18. b4 Qa6 19. b5 Qa5 20. Qb3 c5 21. d5 Nd4 22.
Qd1 Nxf3+ 0-1

[Event "Let's Play Chess!"]
[Site "http://www.queenalice.com/game.php?id=704661"]
[Date "2009.12.28"]
[Round "-"]
[White "Weasel"]
[Black "KennyB"]
[Result "1-0"]
[WhiteElo "2330"]
[BlackElo "1974"]

1. c4 e5 2. Nc3 Nf6 3. Nf3 Bb4 4. Nxe5 d6 5. Qa4+ Nc6 6. Nxc6 bxc6 7. Qxb4 Be6
8. g3 O-O 9. Bg2 Qd7 10. Qa4 d5 11. cxd5 Bxd5 12. Nxd5 Nxd5 13. O-O Rfd8 14. b3
h5 15. Bb2 Qe6 16. Qd4 Nf6 17. Qe3 1-0

[Event "Let's Play Chess!"]
[Site "http://www.queenalice.com/game.php?id=704662"]
[Date "2009.12.28"]
[Round "-"]
[White "KennyB"]
[Black "Weasel"]
[Result "0-1"]
[WhiteElo "1976"]
[BlackElo "2332"]

1. e4 c5 2. Nf3 d6 3. d4 cxd4 4. Nxd4 Nf6 5. Nc3 a6 6. Bd3 e6 7. Bg5 h6 8. Bh4
Nbd7 9. O-O Be7 10. Re1 O-O 11. Qd2 Nc5 12. Rad1 Qb6 13. b3 Nfxe4 14. Nxe4 Bxh4
15. Qf4 Nxd3 16. Rxd3 Be7 17. c3 e5 18. Qe3 exd4 19. Rxd4 f5 20. Nd2 Bf6 21.
Rxd6 Qxd6 0-1

[Event "Let's Play Chess!"]
[Site "http://www.queenalice.com/game.php?id=704815"]
[Date "2009.12.29"]
[Round "-"]
[White "Weasel"]
[Black "KasparovPadawan"]
[Result "1-0"]
[WhiteElo "2271"]
[BlackElo "1940"]

1. d4 d5 2. Nf3 Bf5 3. Ne5 Nd7 4. g4 Nxe5 5. gxf5 Nd7 6. c4 c6 7. Qb3 Qc7 8.
cxd5 cxd5 9. Nc3 Ngf6 10. Nxd5 Qc6 11. Bg2 Qa6 12. Nc7+ 1-0

[Event "Let's Play Chess!"]
[Site "http://www.queenalice.com/game.php?id=704816"]
[Date "2009.12.29"]
[Round "-"]
[White "KasparovPadawan"]
[Black "Weasel"]
[Result "0-1"]
[WhiteElo "1957"]
[BlackElo "2310"]

1. e4 c6 2. Nc3 d5 3. d4 dxe4 4. Nxe4 Nd7 5. Bd3 Ngf6 6. Nc3 g6 7. Be3 Bg7 8. h3
Nb6 9. Nf3 Nbd5 10. O-O Nxe3 11. fxe3 O-O 12. Ne4 Nxe4 13. Bxe4 Qb6 14. b3 e5
15. c4 exd4 16. exd4 Rd8 17. Rc1 Bxd4+ 18. Kh1 Be3 19. Qxd8+ Qxd8 20. Rce1 Qb6
21. b4 a5 22. c5 Qb5 0-1

[Event "Let's Play Chess!"]
[Site "http://www.queenalice.com/game.php?id=705072"]
[Date "2009.12.29"]
[Round "-"]
[White "Weasel"]
[Black "chesspool"]
[Result "1-0"]
[WhiteElo "2228"]
[BlackElo "2020"]

1. e4 Nf6 2. e5 Nd5 3. d4 d6 4. Nf3 Bg4 5. Be2 e6 6. O-O Be7 7. h3 Bh5 8. c4 Nb6
9. Nc3 O-O 10. Be3 Nc6 11. exd6 cxd6 12. d5 Bxf3 13. Bxf3 Ne5 14. b3 Nxf3+ 15.
Qxf3 Bf6 16. Rac1 Qe7 17. Rfe1 Be5 18. Nb5 a6 19. Nxd6 Qxd6 20. Bxb6 Qxb6 21.
Rxe5 exd5 22. Rxd5 Rad8 23. Rcd1 Rxd5 24. Rxd5 Qe6 25. Qd1 1-0

[Event "Let's Play Chess!"]
[Site "http://www.queenalice.com/game.php?id=705073"]
[Date "2009.12.29"]
[Round "-"]
[White "chesspool"]
[Black "Weasel"]
[Result "0-1"]
[WhiteElo "2020"]
[BlackElo "2249"]

1. d4 Nf6 2. c4 e6 3. Nc3 Bb4 4. Qc2 O-O 5. Nf3 d6 6. e3 e5 7. dxe5 dxe5 8. Nxe5
Qe7 9. Nf3 Nc6 10. Bd3 Bg4 11. Ng5 h6 12. h3 Bh5 13. Nh7 Ne5 14. O-O Nxd3 15.
Nxf6+ Qxf6 16. Qxd3 Bxc3 17. Qxc3 Qxc3 18. bxc3 Be2 19. Re1 Bxc4 20. e4 Rfd8 21.
Bf4 c6 0-1

[Event "Let's Play Chess!"]
[Site "http://www.queenalice.com/game.php?id=708365"]
[Date "2010.1.4"]
[Round "-"]
[White "Weasel"]
[Black "rubensar"]
[Result "1-0"]
[WhiteElo "2334"]
[BlackElo "2083"]

1. c4 e6 2. d4 Nf6 3. Nf3 Be7 4. Nc3 O-O 5. e4 c5 6. e5 Ne8 7. dxc5 Bxc5 8. Bd3
f6 9. O-O Nc6 10. exf6 Nxf6 11. a3 d6 12. b4 Bb6 13. Na4 Bc7 14. Bb2 Bd7 15. h3
h6 16. Qc2 Nh5 17. Bh7+ Kh8 18. Be4 Rc8 19. Rad1 Nf6 20. Nc3 e5 21. Nh4 Kg8 22.
Nb5 Nxe4 23. Qxe4 Rf6 24. f4 Bb6+ 25. Kh1 Nd4 26. Nxd4 exd4 27. Bxd4 Rf7 28. Nf3
Ba4 29. Bxb6 Qxb6 30. Rd4 Re8 31. Qd3 Rf6 32. Re1 Rxe1+ 33. Nxe1 Be8 34. Nf3 a5
35. bxa5 Qxa5 36. Rxd6 Rxf4 37. Rd8 Rf8 38. Qd6 Qf5 39. Nd4 Qf1+ 40. Kh2 Ba4 41.
Rxf8+ Qxf8 42. Qxf8+ Kxf8 43. Kg3 Ke7 44. Kf4 Kf6 45. Ke4 Be8 46. c5 g5 47. Kd5
Bg6 48. a4 h5 49. a5 Bd3 50. g3 h4 51. gxh4 gxh4 52. Kd6 Bf1 53. Kc7 Ke5 54.
Nf3+ Kd5 55. Kb6 Bd3 56. Nxh4 Kd4 57. Nf3+ Kd5 58. c6 bxc6 59. a6 Bxa6 60. Kxa6
Ke4 61. h4 Kf5 62. Kb6 c5 63. Kxc5 Ke6 64. Nd4+ Kf6 65. Kd5 Kg6 66. Ke5 Kh5 67.
Nf5 Kg6 68. Ke6 Kh7 69. Kf7 Kh8 70. Kg6 Kg8 71. h5 Kh8 72. h6 Kg8 73. Nd6 Kh8
74. Nf7+ 1-0

[Event "AUTO-ELITE-472"]
[Site "http://www.queenalice.com/game.php?id=710032"]
[Date "2010.1.7"]
[Round "1"]
[White "Weasel"]
[Black "Plis"]
[Result "0-1"]
[WhiteElo "2339"]
[BlackElo "2435"]

1. e4 e5 2. Nf3 Nc6 3. Bb5 a6 4. Ba4 Nf6 5. O-O Be7 6. Re1 b5 7. Bb3 d6 8. c3
O-O 9. h3 Re8 10. d4 Bb7 11. a4 Na5 12. Bc2 c5 13. d5 h6 14. Qe2 Qb6 15. Na3 b4
16. Nc4 Nxc4 17. Qxc4 a5 18. Qe2 Bf8 19. Nd2 Ba6 20. Bd3 bxc3 21. bxc3 Bxd3 0-1

[Event "AUTO-ELITE-472"]
[Site "http://www.queenalice.com/game.php?id=710033"]
[Date "2010.1.7"]
[Round "1"]
[White "Plis"]
[Black "Weasel"]
[Result "1-0"]
[WhiteElo "2441"]
[BlackElo "2330"]

1. e4 c5 2. Nf3 d6 3. d4 cxd4 4. Nxd4 Nf6 5. Nc3 a6 6. Be3 e5 7. Nb3 Be6 8. f3
Be7 9. Qd2 O-O 10. O-O-O Nbd7 11. g4 Qc7 12. Kb1 Rfc8 13. g5 Nh5 14. Rg1 a5 15.
a3 Nb6 16. f4 a4 17. Nc1 Nxf4 18. Bxf4 exf4 19. Qxf4 Ra5 20. h4 1-0

[Event "AUTO-ELITE-472"]
[Site "http://www.queenalice.com/game.php?id=710035"]
[Date "2010.1.7"]
[Round "1"]
[White "BEBADO"]
[Black "Weasel"]
[Result "0-1"]
[WhiteElo "2306"]
[BlackElo "2323"]

1. e4 c6 2. d4 d5 3. exd5 cxd5 4. c4 Nf6 5. Nc3 Nc6 6. Nf3 g6 7. cxd5 Nxd5 8.
Bc4 Nb6 9. Bb3 Bg7 10. Be3 O-O 11. h3 Na5 12. O-O Nxb3 13. Qxb3 Be6 14. Qb4 a5
15. Qc5 Nc4 16. Ng5 Rc8 17. Nxe6 fxe6 18. Qb5 Bxd4 19. Rad1 Nxe3 20. fxe3 Bxe3+
21. Kh1 Rxf1+ 22. Qxf1 Qb6 23. Qe2 Bf4 24. Qe4 Bb8 0-1

[Event "Let's Play Chess!"]
[Site "http://www.queenalice.com/game.php?id=710343"]
[Date "2010.1.8"]
[Round "-"]
[White "ArmandoAzevedo"]
[Black "Weasel"]
[Result "1-0"]
[WhiteElo "2469"]
[BlackElo "2334"]

1. e4 c5 2. Nf3 d6 3. Bc4 Nf6 4. Nc3 Nc6 5. d3 g6 6. O-O Bg7 7. h3 O-O 8. Bg5
Na5 9. Bb3 Bd7 10. Qd2 Bc6 11. Rfe1 b5 12. Bd5 b4 13. Nd1 Qd7 14. a3 Nxd5 15.
exd5 Bxd5 16. axb4 Nc6 17. b5 Ne5 18. Nxe5 Bxe5 19. Ra5 Rfe8 20. Nc3 Bb7 21.
Rea1 d5 22. Bf4 Bg7 23. Bg3 d4 24. Na4 Rec8 25. b3 e5 26. Nb2 f6 27. Nc4 Rd8 28.
f3 Qe8 29. Qe1 Bd5 30. Bf2 Kh8 31. f4 Qe7 32. Ra6 g5 33. fxe5 fxe5 34. Qa5 e4
35. Rxa7 Rxa7 36. Qxa7 Rd7 37. Qa5 e3 38. Bg3 Bxc4 39. bxc4 Be5 40. Qa8+ Kg7 41.
Be1 Bc7 42. Qc6 e2 43. g3 Bd8 44. Kg2 Rc7 45. Qf3 Qe5 46. b6 Re7 47. Ra6 Qb8 48.
Qd5 Bxb6 49. Qxg5+ Kf7 50. Qd5+ Kg7 51. Qc6 Rb7 52. Bd2 Kh8 53. Qe4 Ra7 54. Rxa7
Qxa7 55. Qxe2 Qa8+ 56. Qf3 Qe8 57. Bf4 Qe6 58. Kf2 Kg7 59. Qd5 Kf7 60. Kf3 Kf6
61. g4 1-0